000 01060nam a22002777a 4500
001 9522
003 FISKH
005 20260119093510.0
008 260119b cb ||||| |||| 00| 0 eng d
040 _aFISKH
_beng
_cFISKH
_dFISKH
050 _aPZ7.C458 B
082 _a813
100 _aChristopher, Matt
_eAuthor
245 _aBaseball flyhawk /
_cBy Matt Christopher ; illustrated by Witold T. Mard
260 _aChicago :
_bScience Research Associates ,
_c1995
300 _a24 pages :
_bcolor illustrations ;
_c21 cm
505 _aL
520 _aJuvenile Fiction. Juvenile Literature. Chico Romez is new to the Royals baseball team, but all the players welcome him and his ability in the outfield. All but one, that its. String Becker seems to have it in for Chico. What will it take for Chico to prove himself to String?
521 8 _a510
_bLexile
521 8 _aL
_bRaz-Plus
650 _aRealistic fiction
_vSports
650 _aBook adventure
_vBaseball
700 _aMard, Witold T.
_eIllustrator
942 _2ddc
_cBK
_n0
999 _c9522
_d9522